| 000 | 00838nam a22002895i 4500 | ||
|---|---|---|---|
| 001 | 16649 | ||
| 003 | ES-MaACL | ||
| 005 | 20230906151352.0 | ||
| 007 | t| | ||
| 008 | 001020s1993 sp ||||0| spa j | ||
| 020 | _a84-7509-905-X | ||
| 040 |
_aM-BN _bspa _cM-BN |
||
| 080 | _a930.1 | ||
| 100 | 1 |
_aKoselleck, Reinhart. _968626 |
|
| 245 | 1 | 0 |
_aFuturo pasado _b: para una semántica de los tiempos históricos / _cReinhart Koselleck. |
| 250 | _a1ª ed. | ||
| 260 |
_aBarcelona : _bPaidós Ibérica, _c1993. |
||
| 300 |
_a368 p. ; _c22 cm. |
||
| 490 | 1 |
_aPaidós básica ; _v61 |
|
| 500 | _aIndices. | ||
| 650 | 4 |
_aHistoria- _xFilosofía. _913380 |
|
| 650 | 1 | 4 |
_aHistoriografía. _913439 |
| 830 | 0 |
_aPaidós básica ; _v61 _9178397 |
|
| 852 |
_aES-MaACL _jL-23654 _bR.128720 |
||
| 999 |
_c16649 _d16649 |
||